000 00543cam a22001217a 4500
008 180718b1941 xxu||||| |||| 00| 0 eng d
082 _aP096x54.6
245 _aProceedings of the Central Advisory Board of Education In India held at Madras on the 11th and 12th January, 1941
_cby Bureau of Education
260 _aDelhi
_bThe Mnager of Publications
_c1941
300 _a131p.
500 _aLibrary has Part VIth(1941), PartVIIIth(1943), PartIX, X(1944), PartXIth(1945), Part XXIVth(1957), Part XXXIIth(1965)
700 _aIndia.Bureau of Education
999 _c414498
_d414498